书目信息 |
| 题名: |
大浪淘沙
|
|
| 作者: | 沈英甲 著 | |
| 分册: | ||
| 出版信息: | 中国青年 2008.03 |
|
| 页数: | 391页 | |
| 开本: | 24cm | |
| 丛书名: | ||
| 单 册: | ||
| 中图分类: | I253.6 | |
| 科图分类: | ||
| 主题词: | 报告文学--中国 , 传记文学--中国 | |
| 电子资源: | ||
| ISBN: | 978-7-5006-7702-4 | |
| 000 | 00732nam0 2200253 45 | |
| 001 | 0958203745 | |
| 005 | 20091101110041.09 | |
| 010 | @a978-7-5006-7702-4@dCNY39.00 | |
| 100 | @a20090515d2008 ekmy0 y0120 ea | |
| 102 | @aCN@b130000 | |
| 102 | @aCN@b110000 | |
| 105 | @ay z 000yy | |
| 200 | 1 | @a大浪淘沙@Ada lang tao sha@e创新精英写真集@f沈英甲著@Fshen ying jia zhu |
| 210 | @c中国青年@d2008.03 | |
| 210 | @a北京@c中国青年出版社 | |
| 215 | @a391页@d24cm | |
| 517 | 1 | @a创新精英写真集@Achuang xin jing ying xie zhen ji |
| 606 | 0 | @a报告文学@x中国 |
| 606 | 0 | @a传记文学@x中国 |
| 690 | @aI253.6@v4 | |
| 701 | 0 | @a沈英甲@Ashen ying jia@4著 |
| 801 | 0 | @aCN@c20091101 |
| 905 | @a10447@dI253.6@eS4201 | |
| 906 | @d39@n3@r1 | |
| 大浪淘沙:创新精英写真集/沈英甲著.-中国青年,2008.03.-北京:中国青年出版社 |
| 391页;24cm |
| ISBN 978-7-5006-7702-4:CNY39.00 |
| ● |
| 相关链接 |
|
|
|
正题名:大浪淘沙
索取号:I253.6/S4201
 
预约/预借
| 序号 | 登录号 | 条形码 | 馆藏地/架位号 | 状态 | 备注 |
| 1 | 896545 | 208965459 | 文学库108/108文学库 68排6列3层/ [索取号:I253.6/S4201] | 在馆 |